000 00442nam a22001697a 4500
999 _c429
_d429
005 20210925122248.0
008 160503b xxu||||| |||| 00| 0 eng d
020 _a81-7188247-1
041 _aeng
082 _b1120
_a332.632
100 _aAcademic Foundation Bulletin
_9335
245 _aMannual of SEBI notificaiton & Legislations.
260 _aNew Delhi
_bAcademic Faundation
300 _a253
650 _aManagement
_9241
942 _cBK